【サドンデス】実在するJRの鉄道路線愛称(正式路線名は不正解) - Statistics

General Stats
  • This quiz has been taken 1,013 times
  • The average score is 7 of 25
Answers on the Grid
Answers color-coded by a green-red scale on the quiz's grid according to % correct below.
阿波室戸シーサイドライン
あまくさみすみ線
阿蘇高原線
愛ある伊予灘線
宇部みなと線
うみねこレール石巻市内線
海の中道線
男鹿なまはげライン
奥久慈清流ライン
北九州レトロライン
京都線
こうや花鉄道
宮崎空港線
しまんとブルーライン
フルーツライン只見線
ゆめ咲線
和田岬線
懐・かしい線
成田スカイアクセス線
瀬戸大橋線
瀬戸内さざなみ線
高山アルプス周遊鉄道
学研都市線
学園都市線
田園都市線
美ヶ原高原線
若松線
日田彦山線
琵琶湖線
紀州線
伊予清流みかんライン
田沢湖線
京浜東北線
伯備線ハクビシン鉄道
埼京線
両毛線
富山港線
信州アルプスライン
奥の細道湯けむりライン
ゆふ高原線
富山八幡平色彩ライン
九頭竜線
おおさか東線
相模線
湘南新宿ライン
桃太郎線
大和路線
おばすて線
ゆうゆうあぶくまライン
輪島線
 
Answer Stats
Answer % Correct
京浜東北線
46%
湘南新宿ライン
45%
埼京線
43%
瀬戸大橋線
39%
学研都市線
39%
大和路線
39%
ゆめ咲線
38%
琵琶湖線
38%
京都線
34%
桃太郎線
34%
男鹿なまはげライン
32%
和田岬線
31%
愛ある伊予灘線
30%
学園都市線
29%
奥の細道湯けむりライン
29%
奥久慈清流ライン
27%
九頭竜線
27%
ゆうゆうあぶくまライン
21%
ゆふ高原線
17%
あまくさみすみ線
16%
海の中道線
16%
若松線
15%
阿波室戸シーサイドライン
12%
阿蘇高原線
7%
瀬戸内さざなみ線
6%
No matching quizzes found
Score Distribution
Percent of People with Each Score
Percentile by Number Answered
Your Score History
You have not taken this quiz